[Event "Niedersachsen-ch op C"]
[Site "Verden"]
[Date "2018.01.04"]
[Round "2"]
[White "Humpe, Luca Julien"]
[Black "Heller, Rainer"]
[Result "1-0"]
[WhiteElo "1329"]
[BlackElo "1253"]
[PlyCount "55"]
[EventDate "2018.01.04"]
[EventType "swiss"]
[EventRounds "7"]
[EventCountry "GER"]
[SourceTitle "EXT 2022"]
[Source "ChessBase"]
[SourceDate "2021.10.06"]
[SourceVersion "1"]
[SourceVersionDate "2021.10.06"]
[SourceQuality "1"]

1. e4 e5 2. Nf3 Nc6 3. Bb5 Bc5 4. c3 Nge7 5. d4 exd4 6. cxd4 Bb4+ 7. Nc3 d5 8. Qe2 0-0 9. 0-0 Bg4 10. Rd1 dxe4 11. Qxe4 Bxf3 12. Qxf3 Nxd4 13. Qe4 Nef5 14. Be3 c6 15. Bxd4 Nd6 16. Qg4 g6 17. Bf1 Qa5 18. a3 Bc5 19. b4 Bxb4 20. axb4 Qxb4 21. Rdb1 h5 22. Qf4 Nf5 23. Rxb4 Rac8 24. Rxb7 c5 25. Bf6 a6 26. Bd3 c4 27. Bxf5 Kh7 28. Bxg6+ 1-0